Understanding Organizational Behaviour (Record no. 853)

MARC details
000 -LEADER
fixed length control field 00427nam a22001817a 4500
005 - DATE AND TIME OF LATEST TRANSACTION
control field 20180720152204.0
008 - FIXED-LENGTH DATA ELEMENTS--GENERAL INFORMATION
fixed length control field 160514b xxu||||| |||| 00| 0 eng d
020 ## - INTERNATIONAL STANDARD BOOK NUMBER
ISBN 0-19-569086-9
041 ## - LANGUAGE CODE
Language code of text/sound track or separate title eng
082 ## - DEWEY DECIMAL CLASSIFICATION NUMBER
Item number 2379
Classification number 658.3
100 ## - MAIN ENTRY--AUTHOR NAME
Personal name Pareek, Udai
245 ## - TITLE STATEMENT
Title Understanding Organizational Behaviour
250 ## - EDITION STATEMENT
Edition statement 2nd ed.
260 ## - PUBLICATION, DISTRIBUTION, ETC. (IMPRINT)
Name of publisher Oxford
Year of publication 2007
300 ## - PHYSICAL DESCRIPTION
Number of Pages 792p,
650 ## - SUBJECT ADDED ENTRY--TOPICAL TERM
Topical Term Management
942 ## - ADDED ENTRY ELEMENTS (KOHA)
Koha item type Books
Holdings
Lost status Damaged status Collection code Home library Current library Shelving location Date acquired Cost, normal purchase price Full call number Accession Number Koha item type
    MANAGEMENT JRU Library JRU Library SHELF-65-C 14/05/2016 360.00 658.3 2379 Books
    MANAGEMENT JRU Library JRU Library SHELF-65-C 14/05/2016 360.00 658.3 2380 Books
    MANAGEMENT JRU Library JRU Library SHELF-65-C 14/05/2016 360.00 658.3 2381 Books
    MANAGEMENT JRU Library     14/05/2016 360.00 658.3 2382 Books